000 00760cam a22002414a 4500
003 UPN
005 20220622101629.0
008 100603s1994 es r 000 1 spa d
020 _a8487265618
035 _aUPN01000176328
040 _aUPN
_bspa
_cUPN
049 _aCG
050 4 _aPR9639.3 M2.58
_bD5.3
100 1 _aMansfield, Katherine,
_d1888-1923
_930479
245 1 0 _aDiario
_b: 1910-1922 /
_cKatherine Mansfield ; introducción John Middleton Murry ; tr. Ester de Andreis.
260 _aBarcelona, Esp. :
_bParsifal,
_c1994.
300 _a199 p.
490 0 _aFiguras ;
_v31
534 _pTítulo original:
_tJournal of Katherine Mansfield
600 1 4 _aMansfield, Katherine,
_d1888-1923
_vDiarios
_917519
905 _aLibro
942 _2lcc
_cLIBRO
999 _c148431
_d148431